| 000 | 00385nam a2200133Ia 4500 | ||
|---|---|---|---|
| 008 | 231129s9999||||xx |||||||||||||| ||spa|| | ||
| 020 | _a958-30-0505-5 | ||
| 040 | _bspa | ||
| 082 | _aCo863.44 C112a | ||
| 100 | _aCaballero Beatriz | ||
| 245 | 0 | _aAgustin codazzi geógrafo | |
| 264 | _aSantafé de Bogota Colombia : Colciencias | ||
| 942 |
_2ddc _cBKS |
||
| 999 |
_c4640 _d4640 |
||